000 00597nam a2200229Ia 4500
003 OSt
005 20220928104802.0
006 a|||||r|||| 00| 0
007 ta
008 220927b |||||||| |||| 00| 0 eng d
024 _a36947
037 _cTextual
040 _aSDCL
_cSDCL
_beng
041 _2eng
_aeng
082 _aS:7, L4
100 _aJayswal Sita Ram
_9412035
245 0 _aVyketitve manovigyan.
260 _aLucknow
_bUttar Pradesh Hindi Granth Akademi
_c1974
300 _a304p.
_ccm.
942 _hS:7, L4
_cTEXL
_2CC
999 _c727762
_d727762